| 000 | 00848nam a22002057a 4500 | ||
|---|---|---|---|
| 003 | 0 | ||
| 005 | 20250205094258.0 | ||
| 008 | 250205b xxu||||| |||| 00| 0 eng d | ||
| 050 |
_aHD 4904.7 _b.M45 2019 |
||
| 100 | _aMelitante, Christian George L. | ||
| 245 |
_aContractualization in the philippine manufacturing industry _b a proposed labor contracting partnership policy framework _cChristian George L. Melitante |
||
| 260 |
_aLas Pinas City _bSouthville International School and Colleges _c2019 |
||
| 300 |
_a147 pages; _c28cm. |
||
| 500 | _aMaster in Business Administration. | ||
| 504 | _aIncludes bibliographical references and appendices. | ||
| 650 | _aContractual Employment in the Philippines. | ||
| 650 | _aLabor Contracting Policies in Manufacturing. | ||
| 650 | _aProposed Legal Framework for Labor Contracting. | ||
| 942 |
_2lcc _cTH |
||
| 999 |
_c367133 _d367133 |
||